000 00416pam a2200157a 44500
008 230515b2009 xxu||||| |||| 00| 0 eng d
020 _aNULL
041 _aENGLISH
082 _a150/AIB
100 _aBUDHANANDA S
245 _aOVERCOMING ANGER A HOLISTIC APPROACH
250 _a1
260 _aPUNE
_bTATA MCGRAW-HILL PUBLISHING LIMITED
_c2009
300 _a130
650 _aOVERCOMING ANGER A HOLISTIC APPROACH
999 _c541514
_d541514